书目信息 |
| 题名: |
清华北大教授推荐的120本必读书
|
|
| 作者: | ;《清华北大教授推荐的120本必读书》编委会 编 | |
| 分册: | ||
| 出版信息: | 北京 民主与建设出版社 2002 |
|
| 页数: | 562页 | |
| 开本: | 20cm | |
| 丛书名: | ||
| 单 册: | ||
| 中图分类: | Z835 | |
| 科图分类: | ||
| 主题词: | 推荐书目--青少年读物--世界 | |
| 电子资源: | ||
| ISBN: | 7-80112-323-9 | |
| 000 | 00720nam0 2200193 45 | |
| 001 | 0406011729 | |
| 005 | 20040601171351.8 | |
| 010 | @a7-80112-323-9@dCNY28.00 | |
| 100 | @a20040601d2002 km y0chiy0120 ea | |
| 101 | 0 | @achi |
| 105 | @a z 000yy | |
| 200 | 1 | @a清华北大教授推荐的120本必读书@AQing Hua Bei Da Jiao Shou Tui Jian De 120 Ben Bi Du Shu@f《清华北大教授推荐的120本必读书》编委会编@F《Qing Hua Bei Da Jiao Shou Tui Jian De 120 Ben Bi Du Shu》Bian Wei Hui Bian |
| 210 | @a北京@c民主与建设出版社@d2002 | |
| 215 | @a562页@d20cm | |
| 606 | 0 | @a推荐书目@x青少年读物@y世界 |
| 690 | @aZ835@v4 | |
| 711 | 02 | @a《清华北大教授推荐的120本必读书》编委会@4编 |
| 801 | @aCN@bTSTC@c20040601 | |
| 905 | @b334264-265@dZ835@e33@f2 | |
| 清华北大教授推荐的120本必读书/《清华北大教授推荐的120本必读书》编委会编.-北京:民主与建设出版社,2002 |
| 562页;20cm |
| ISBN 7-80112-323-9:CNY28.00 |
| ● |
| 相关链接 |
|
|
|
|
正题名:清华北大教授推荐的120本必读书
索取号:Z835/33
 
预约/预借
| 序号 | 登录号 | 条形码 | 馆藏地/架位号 | 状态 | 备注 |
| 1 | 0334265 | 203342659 | 第二样本阅览室/ [索取号:Z835/33] | 在馆 |